Statistics for U.S. Presidents

Click here to take the quiz!

General Stats

  • This quiz has been taken 53 times
  • The average score is 38 of 46

Answer Stats

TermPresident% Correct
2021-presentJoe Biden
100%
2009-2017Barack Obama
98%
2017-2021Donald Trump
98%
1989-1993George H. W. Bush
98%
2001-2009George W. Bush
98%
1861-1865Abraham Lincoln
95%
1865-1869Andrew Johnson
95%
1993-2001Bill Clinton
95%
1933-1945Franklin D. Roosevelt
95%
1789-1797George Washington
95%
1963-1969Lyndon B. Johnson
95%
1969-1974Richard Nixon
95%
1981-1989Ronald Reagan
95%
1901-1909Theodore Roosevelt
95%
1945-1953Harry S. Truman
93%
1797-1801John Adams
93%
1961-1963John F. Kennedy
93%
1825-1829John Quincy Adams
93%
1953-1961Dwight D. Eisenhower
91%
1977-1981Jimmy Carter
89%
1801-1809Thomas Jefferson
89%
1913-1921Woodrow Wilson
89%
1974-1977Gerald Ford
86%
1929-1933Herbert Hoover
86%
1829-1837Andrew Jackson
82%
1889-1893Benjamin Harris
82%
1809-1817James Madison
75%
1869-1877Ulysses S. Grant
75%
1909-1913William Taft
75%
1923-1929Calvin Coolidge
73%
1885-1893Grover Cleveland
73%
1893-1897Grover Cleveland
73%
1837-1841Martin Van Buren
73%
1841William Henry Harrison
70%
1817-1825James Monroe
68%
1921-1923Warren G. Harding
68%
1897-1901William McKinley
68%
1849-1850Zachary Taylor
68%
1845-1849James Knox Polk
66%
1841-1845John Tyler
66%
1857-1861James Buchanan
64%
1881-1885Chester A. Arthur
61%
1853-1857Franklin Pierce
59%
1881James A. Garfield
59%
1850-1853Millard Fillmore
59%
1877-1881Rutherford B. Hayes
57%

Score Distribution

Percentile by Number Answered

Percent of People with Each Score

Your Score History

You have not taken this quiz